| 000 | 00532nam a22001817a 4500 | ||
|---|---|---|---|
| 005 | 20251108165211.0 | ||
| 008 | 250721s2002 xx 000 0 ara d | ||
| 082 | 1 | 4 | _a928.11/فاض |
| 100 | 1 | _aأبي فاضل، ربيعة | |
| 245 | 1 | 0 | _aأديب مظهر : رائد الرمزية في الشعر العربي / |
| 264 | 1 |
_aبيروت : _bدار المشرق، _c2002. |
|
| 300 | _a249ص. | ||
| 650 | 1 | 7 | _aالتراجم |
| 650 | 1 | 7 | _aالشعراا العرب |
| 650 | 1 | 7 | _aلبنان |
| 942 |
_2ddc _cBK |
||
| 999 |
_c21962 _d21962 |
||